Plasma dynamic synthesis of iron oxides in the «frequency operation» mode of coaxial magnetoplasma accelerator; Journal of Physics: Conference Series; Vol. 1115 : 6th International Congress "Energy Fluxes and Radiation Effects". 3rd International Conference on New Materials and High Technologies (3rd NMHT)

Bibliografiska uppgifter
Parent link:Journal of Physics: Conference Series
Vol. 1115 : 6th International Congress "Energy Fluxes and Radiation Effects". 3rd International Conference on New Materials and High Technologies (3rd NMHT).— 2018.— [042062, 6 p.]
Huvudupphovsman: Sivkov A. A. Aleksandr Anatolyevich
Institutionell upphovsman: Национальный исследовательский Томский политехнический университет Инженерная школа энергетики Отделение электроэнергетики и электротехники (ОЭЭ)
Övriga upphovsmän: Shanenkova Yu. L. Yuliya Leonidovna, Gukov M. I. Maksim Igorevich
Sammanfattning:Title screen
It is known that the epsilon phase of iron oxide e-Fe2O3 has the highest value of coercive force among all known simple metal oxides (~24 kOe) and is characterized by ferromagnetic resonance in the frequency range from 100 to 200 GHz. The noted features determine the possibility of its wide application. However, there is the problem of synthesis and stabilization this crystal structure at room temperature. In this paper, we consider the possibility to obtain e-Fe2O3 by the plasma dynamic method when the system is operating in the frequency (multi-pulse) regime. The influence of the number power supply impulses on the phase composition of the synthesized products was studied using X-ray diffractometry.
Språk:engelska
Publicerad: 2018
Ämnen:
Länkar:http://earchive.tpu.ru/handle/11683/57641
https://doi.org/10.1088/1742-6596/1115/4/042062
Materialtyp: Elektronisk Bokavsnitt
KOHA link:https://koha.lib.tpu.ru/cgi-bin/koha/opac-detail.pl?biblionumber=659294

MARC

LEADER 00000naa2a2200000 4500
001 659294
005 20240617102825.0
035 |a (RuTPU)RU\TPU\network\27776 
090 |a 659294 
100 |a 20190130a2018 k y0engy50 ba 
101 0 |a eng 
102 |a GB 
105 |a y z 100zy 
135 |a drcn ---uucaa 
181 0 |a i  
182 0 |a b 
200 1 |a Plasma dynamic synthesis of iron oxides in the «frequency operation» mode of coaxial magnetoplasma accelerator  |f A. A. Sivkov, Yu. L. Shanenkova, M. I. Gukov 
203 |a Text  |c electronic 
300 |a Title screen 
320 |a [References: 10 tit.] 
330 |a It is known that the epsilon phase of iron oxide e-Fe2O3 has the highest value of coercive force among all known simple metal oxides (~24 kOe) and is characterized by ferromagnetic resonance in the frequency range from 100 to 200 GHz. The noted features determine the possibility of its wide application. However, there is the problem of synthesis and stabilization this crystal structure at room temperature. In this paper, we consider the possibility to obtain e-Fe2O3 by the plasma dynamic method when the system is operating in the frequency (multi-pulse) regime. The influence of the number power supply impulses on the phase composition of the synthesized products was studied using X-ray diffractometry. 
461 1 |0 (RuTPU)RU\TPU\network\3526  |t Journal of Physics: Conference Series 
463 1 |t Vol. 1115 : 6th International Congress "Energy Fluxes and Radiation Effects". 3rd International Conference on New Materials and High Technologies (3rd NMHT)  |o [proceedings], 16-22 September 2018, Tomsk, Russian Federation  |d 2018  |v [042062, 6 p.] 
610 1 |a электронный ресурс 
610 1 |a труды учёных ТПУ 
610 1 |a синтез 
610 1 |a плазмодинамический синтез 
610 1 |a оксид железа 
610 1 |a магнитоплазменные ускорители 
700 1 |a Sivkov  |b A. A.  |c Specialist in the field of electric power engineering  |c Professor of Tomsk Polytechnic University, Doctor of technical sciences  |f 1951-  |g Aleksandr Anatolyevich  |3 (RuTPU)RU\TPU\pers\32273  |9 16262 
701 1 |a Shanenkova  |b Yu. L.  |c specialist in the field of electric power engineering  |c Associate Professor of Tomsk Polytechnic University, Candidate of Technical Sciences  |f 1991-  |g Yuliya Leonidovna  |3 (RuTPU)RU\TPU\pers\34119  |9 17659 
701 1 |a Gukov  |b M. I.  |g Maksim Igorevich 
712 0 2 |a Национальный исследовательский Томский политехнический университет  |b Инженерная школа энергетики  |b Отделение электроэнергетики и электротехники (ОЭЭ)  |3 (RuTPU)RU\TPU\col\23505 
801 2 |a RU  |b 63413507  |c 20200128  |g RCR 
856 4 |u http://earchive.tpu.ru/handle/11683/57641 
856 4 |u https://doi.org/10.1088/1742-6596/1115/4/042062 
942 |c CF